000 00648nam a2200217Ia 4500
003 GCL
008 140319s9999 xx 000 0 ara d
040 _aGCL /
_cGCL
082 0 4 _a801.9
_bس و
100 1 _aالسيد فضل
245 1 0 _aالواقع والنص :دراسة فى طبيعة الادب /
_cالسيد فضل
260 _a[S.N] :
_bمنشاة المعارف الاسلامية ،
_c1993
300 _a145 ص
490 _aدراسات نقدية
_v0
650 0 4 _aالاسلوب الادبى
650 0 4 _aالنقد
650 0 4 _aفلسفة
650 0 4 _aالادب
650 0 4 _aتاريخ ونقد
942 _2ddc
_cBK
999 _c33066
_d33066